Barcelona Starting XI since 2022 - Statistics

General Stats
  • This quiz has been taken 115 times
  • The average score is 37 of 44
Answer Stats
Hint Answer % Correct
CM Pedri
100%
CM Pedri
100%
CM Pedri
100%
ST Lewandowski
98%
ST Lewandowski
98%
ST Lewandowski
98%
LW Raphinha
98%
RW Raphinha
98%
GK Ter Stegen
98%
GK Ter Stegen
98%
GK Ter Stegen
98%
CM Gavi
96%
CM Gavi
96%
RW Yamal
95%
RW Yamal
95%
RB Koundé
93%
RB Koundé
93%
RB Koundé
93%
LB Balde
90%
LB Balde
90%
CB Cubarsí
90%
CB Cubarsí
90%
CB Araujo
84%
CB Araujo
84%
CB Araujo
84%
CM De Jong
84%
CM De Jong
84%
CM De Jong
84%
CB Martínez
81%
DM Busquets
80%
AM Olmo
80%
GK Szczesny
78%
LW Ferran Torres
73%
LW Ferran Torres
73%
LW Ferran Torres
73%
CB Piqué
72%
LB Alba
71%
RW Dembélé
67%
CB Christensen
61%
CM Casadó
59%
ST Depay
57%
RB Dest
54%
CM Gündoğan
49%
LB Cancelo
48%
No matching quizzes found
Score Distribution
Percent of People with Each Score
Percentile by Number Answered
Your Score History
You have not taken this quiz